Lídrami kategórie sú chlieb a rožky

Chlieb a rožky sú dva najviac nakupované pekárenské výrobky v kategórii pečiva. Spolu predstavujú viac ako 70 % objemu pečiva nakúpeného v uplynulom roku. Vyplýva to zo Spotrebiteľského panelu GfK.

Uložené v:
Podrobná bibliografia
Médium: Kapitola
Jazyk:Slovak
Predmet:
Tagy: Pridať tag
Žiadne tagy, Buďte prvý, kto otaguje tento záznam!

MARC

LEADER 00000naa a2200000 4500
001 0305371
005 20241129100801.5
041 0 |a slo 
044 |a SK 
245 1 0 |a Lídrami kategórie sú chlieb a rožky 
520 |a Chlieb a rožky sú dva najviac nakupované pekárenské výrobky v kategórii pečiva. Spolu predstavujú viac ako 70 % objemu pečiva nakúpeného v uplynulom roku. Vyplýva to zo Spotrebiteľského panelu GfK. 
610 2 0 |a pekárenstvo 
610 2 0 |a dopyt spotrebiteľský 
610 2 0 |a správanie spotrebiteľa 
610 2 0 |a preferencie spotrebiteľské 
610 2 0 |a výdavky domácností